000 00536nam a2200181Ia 4500
005 20250326123731.0
008 250326s9999 xx 000 0 und d
037 _aTextbook
040 _aFMSL
_beng
_cFMSL
041 _aeng
_2eng
084 _aX:89ZB P5
_qFMSL
100 _aSridhar K S
_9735933
245 0 _aIncentives for regional development: competition among sub-national governments
_cSridhar K S
260 _aNY
_bNY, Palgrave
_c2005
300 _a214p
942 _cTB
_hX:89ZB P5
999 _c1270717
_d1270717